| 000 | 00348nam a2200133Ia 4500 | ||
|---|---|---|---|
| 008 | 170516s9999 xx 000 0 und d | ||
| 245 | _aMolecular Imaging with Activatable Reporter Systems | ||
| 260 | _bTheranostics | ||
| 260 | _c2012 | ||
| 300 | _a2:4 | ||
| 650 | _xMedical Technology | ||
| 650 | _xMedtech | ||
| 856 | _uhttp://www.thno.org/v2i4 | ||
| 999 |
_c330504 _d330504 |
||